Aprendiendo en la acción : manual de formación de monitores comunitarios. Talleres de aprendizaje.

Bibliographic Details
Main Author: Vaccaro, Liliana
Other Authors: Martínez, Hugo, Fiabane, Flavia, Ballasty, Bernardita, Rozas Reyes, Miguel Angel, Solar, Rosario
Format: Libro
Language:English
Published: Santiago, Chile Ministerio de Educación 1997
Edition:3a ed.
Subjects:

MARC

LEADER 00000cam a2200000 a 4500
001 015319
003 UAHC_CL
005 20170803121235.0
008 010822b xx j 000 1 eng
040 |a UAHC_CL  |c UAHC_CL  |d UAHC_CL 
082 0 4 |a 371.3028 A654e 
100 1 |a Vaccaro, Liliana 
245 1 0 |a Aprendiendo en la acción :  |b manual de formación de monitores comunitarios. Talleres de aprendizaje. 
250 |a 3a ed. 
260 |b Ministerio de Educación  |c 1997  |a Santiago, Chile 
300 |a 63 p. 
650 4 |a PEDAGOGIA PARA LA EDUCACION BASICA 
650 4 |a EDUCACION  |x METODOLOGIA 
700 1 |a Martínez, Hugo 
700 1 |a Fiabane, Flavia 
700 1 |a Ballasty, Bernardita 
700 1 |a Rozas Reyes, Miguel Angel 
700 1 |a Solar, Rosario 
900 |a 371.3028 APR 
942 |c BK 
952 |0 0  |1 0  |4 0  |6 371_302800000000000_APR  |7 0  |8 General  |9 30590  |a BC  |b BC  |c General  |d 2017-08-03  |o 371.3028 APR  |p 1304544  |r 2026-01-13 00:00:00  |t 1  |w 2017-08-03  |y BK 
952 |0 0  |1 0  |4 0  |6 371_302800000000000_APR  |7 0  |8 General  |9 30591  |a BC  |b BC  |c General  |d 2017-08-03  |o 371.3028 APR  |p 1365455  |r 2026-01-13 00:00:00  |t 2  |w 2017-08-03  |y BK 
999 |c 15319  |d 15319